000 01788cam a22004454i 4500
003 PE-LiUPU
005 20250731173230.0
008 150625s1971 sp r 000 0 spa d
035 _a(Sirsi) a34479
040 _aPE-LiUPU
_bspa
_cPE-LiUPU
_erda
049 _aPRUA
082 0 4 _a281.1
_bV77
_221
100 1 _aVives, José,
_eautor.
245 1 4 _aLos padres de la iglesia /
_cGiovanni Gozzer.
264 1 _aBarcelona :
_bHerder,
_c1971.
300 _a502 páginas ;
_c22 centímetros
336 _atext
_2rdacontent
337 _aunmediated
_2rdamedia
338 _avolume
_2rdacarrier
505 0 _aLos padres apostólicos -- Los apologetas -- El cristianismo del asia menor -- Los escritores de Alejandría -- Los escritores latinos -- Atanasio.
526 _aSEG42
526 _aSEG41
526 _aSEG40
526 _aSEG39
526 _aP94
526 _aP87
526 _aP86
526 _aP85
526 _aP77
526 _aP76
526 _aP35
942 _2ddc
_cBOOK
949 _a281.1 V77
_wDEWEY
_c1
_i37034
_lCCODEBUL1
_mBUL
_p20.70
_r0
_sY
_tBOOK
_u2015-06-25
_xBIBLIOTECA
_PP35
_0COMPRA
_o.STAFF. Colección Teología
949 _a281.1 V77
_wDEWEY
_c2
_i14198
_lCCODEBUL1
_mBUL
_p20.70
_r0
_sY
_tBOOK
_u2015-06-25
_xTEOLOGIA
_zUNKNOWN
_0COMPRA
_o.STAFF. Colección Teología
596 _a1
999 _a281.1 V77
_wDEWEY
_c42339
_i37034
_d42339
_e2015-11-3
_f2019-12-11
_g4
_lDISCARD
_mBUL
_n6
_p20.70
_q1
_r1
_sY
_tBOOK
_u2015-6-25
_xTEOLOGIA
_PP35
_0COMPRA
_o.STAFF. Colección Teología
999 _a281.1 V77
_wDEWEY
_c2
_i14198
_d2018-4-9
_e2015-9-11
_f2021-11-12
_g5
_lCCODEBUL1
_mBUL
_n11
_p10.00
_q1
_r0
_sY
_tBOOK
_u2015-6-25
_xTEOLOGIA
_PP35
_0COMPRA
_o.STAFF. Colección Teología
980 _81
_gALBERTO SANCHEZ Responsable de Automatización